书目信息 |
| 题名: |
流域水文水质模拟软件(HSPF)应用指南
|
|
| 作者: | 董延军 , 李杰 , 郑江丽 编著 | |
| 分册: | ||
| 出版信息: | 郑州 黄河水利出版社 2009.10 |
|
| 页数: | 239页 | |
| 开本: | 26cm | |
| 丛书名: | ||
| 单 册: | ||
| 中图分类: | P344-39 | |
| 科图分类: | ||
| 主题词: | 流域模型--liu yu mo xing--水文实验--应用软件--基本知识 , 流域模型--liu yu mo xing--水质模型--应用软件--基本知识 | |
| 电子资源: | ||
| ISBN: | 978-7-80734-735-4 | |
| 000 | 01133nam0 2200289 450 | |
| 001 | 012010141453 | |
| 005 | 20100601134137.36 | |
| 010 | @a978-7-80734-735-4@dCNY35.00 | |
| 100 | @a20100601d2009 em y0chiy0120 ea | |
| 101 | 0 | @achi |
| 102 | @aCN@b410000 | |
| 105 | @aa a 000yy | |
| 106 | @ar | |
| 200 | 1 | @a流域水文水质模拟软件(HSPF)应用指南@Aliu yu shui wen shui zhi mo ni ruan jian(HSPF)ying yong zhi nan@f董延军 ... [等] 编著@Fdong yan jun...[deng]bian zhu |
| 210 | @a郑州@c黄河水利出版社@d2009.10 | |
| 215 | @a239页@c图@d26cm | |
| 304 | @a题名页题 : 董延军, 李杰, 郑江丽, 石赟赟编著 | |
| 320 | @a有书目 (第239页) | |
| 330 | @a本书内容包括:HSPF模型系列软件安装过程、BASINS应用基础、WDMUtil工具使用介绍、WinHSPF与GenScn使用介绍、HSPF模型水文率定原理与方法等。 | |
| 606 | 0 | @a流域模型@Aliu yu mo xing@x水文实验@x应用软件@x基本知识 |
| 606 | 0 | @a流域模型@Aliu yu mo xing@x水质模型@x应用软件@x基本知识 |
| 690 | @aP344-39@v4 | |
| 701 | 0 | @a董延军@Adong yan jun@4编著 |
| 701 | 0 | @a李杰@Ali jie@4编著 |
| 701 | 0 | @a郑江丽@Azheng jiang li@4编著 |
| 801 | 0 | @aCN@bQSSK@c20100601 |
| 905 | @b780606-08@dP344-39@eD751@f3 | |
| 流域水文水质模拟软件(HSPF)应用指南/董延军 ... [等] 编著.-郑州:黄河水利出版社,2009.10 |
| 239页:图;26cm |
| ISBN 978-7-80734-735-4:CNY35.00 |
| 本书内容包括:HSPF模型系列软件安装过程、BASINS应用基础、WDMUtil工具使用介绍、WinHSPF与GenScn使用介绍、HSPF模型水文率定原理与方法等。 |
| ● |
| 相关链接 |
|
|
|
正题名:流域水文水质模拟软件(HSPF)应用指南
索取号:P344-39/D751
 
预约/预借
| 序号 | 登录号 | 条形码 | 馆藏地/架位号 | 状态 | 备注 |
| 1 | 780606 | 207806061 | 期刊室512/401自科库 121排2列1层/ [索取号:P344-39/D751] | 在馆 | |
| 2 | 780607 | 207806070 | 自科库401/401自科库 127排2列2层/ [索取号:P344-39/D751] | 在馆 | |
| 3 | 780608 | 207806089 | 期刊室512/401自科库 121排2列1层/ [索取号:P344-39/D751] | 在馆 |